| 000 | 00349nam a2200145Ia 4500 | ||
|---|---|---|---|
| 008 | 220204s9999 xx 000 0 und d | ||
| 082 |
_a339.138 _bHEI |
||
| 100 | _aBLANKENSHIP, A B | ||
| 245 | 0 | _aMarketing | |
| 250 | _aEd.3 | ||
| 260 |
_aNew York _bBarnes & Noble _c1974 |
||
| 650 | _aMarketing | ||
| 700 | _aHEIDINGSFIELD, Myron S | ||
| 942 | _cBK | ||
| 999 |
_c34087 _d34087 |
||